000 00704nam a2200241Ia 4500
003 OSt
005 20220923230635.0
006 a|||||r|||| 00| 0
007 ta
008 220922b |||||||| |||| 00| 0 san d
024 _a286,550
037 _cTextual
040 _aARTS
_cARTS
_bsan
041 _2san
_asan
082 _aO15,2D81,1, 152N3
100 _aगुप्ता, पुष्पा
245 0 _aमुद्राराक्षसम्
246 _aMudrārākṣhasam
260 _c1993
650 _aसंस्कृत साहित्य
942 _hO15,2D81,1, 152N3
_cTEXL
_2CC
999 _c386210
_d386210